[Event "IND-ch U09 Girls 37th"]
[Site "Pune"]
[Date "2024.12.30"]
[Round "7"]
[White "Harshika, M."]
[Black "Sawaikar, Avani"]
[Result "1-0"]
[WhiteElo "1561"]
[BlackElo "1414"]
[PlyCount "81"]
[EventDate "2024.12.27"]
[EventType "swiss"]
[EventRounds "11"]
[EventCountry "IND"]
[SourceTitle "CB02_2025"]
[SourceDate "2025.01.08"]
[SourceVersion "1"]
[SourceVersionDate "2025.01.08"]
[SourceQuality "1"]

1. e4 e5 2. Bc4 Nf6 3. Nf3 Nc6 4. d4 exd4 5. 0-0 d6 6. Nxd4 Be7 7. Nc3 0-0 8. Nxc6 bxc6 9. Qd3 Be6 10. Bxe6 fxe6 11. Qc4 Qd7 12. Bg5 d5 13. Qd3 Rad8 14. Rad1 Ng4 15. Bxe7 Qxe7 16. Qe2 Qh4 17. h3 Nf6 18. exd5 exd5 19. Qe6+ Kh8 20. Qxc6 Qb4 21. Nxd5 Nxd5 22. Rxd5 Rxd5 23. Qxd5 Qxb2 24. Qc5 Qb8 25. Re1 Rc8 26. Qc3 c5 27. Re7 Rg8 28. Qxc5 Qb1+ 29. Kh2 Qxa2 30. Rxa7 Qe6 31. Re7 Qf6 32. Qe3 Qg6 33. c4 Qc6 34. c5 h6 35. Re6 Qc7+ 36. g3 Kh7 37. Qe4+ Kh8 38. c6 Qa7 39. Qf4 Qa6 40. Rxh6+ gxh6 41. Qxh6# 1-0